| 000 | 00414nam a2200145Ia 4500 | ||
|---|---|---|---|
| 003 | OSt | ||
| 005 | 20240927121331.0 | ||
| 008 | 240129s9999 xx 000 0 und d | ||
| 040 | _cMU | ||
| 100 | _aKUMAR, BHUPENDRA | ||
| 245 | 0 | _aAPPLICATION OF COMMITMENT AND FUZZY COMMITMENT OVER JOSTLE CHANNEL | |
| 260 |
_bMEWAR UNIVERSITY, CHITTORGARH _c2013 |
||
| 650 | _aComputer Science & Engineering | ||
| 942 |
_cTHE _2ddc |
||
| 999 |
_c218579 _d218579 |
||